Dinosaur Heresies: New Theories unlocking the Mystery of the Dinosaurs and Their Extinction (Record no. 220507)
[ view plain ]
| 000 -LEADER | |
|---|---|
| fixed length control field | 01006nam a22002417a 4500 |
| 005 - DATE AND TIME OF LATEST TRANSACTION | |
| control field | 20211111093050.0 |
| 008 - FIXED-LENGTH DATA ELEMENTS--GENERAL INFORMATION | |
| fixed length control field | 211111b ||||| |||| 00| 0 eng d |
| 020 ## - INTERNATIONAL STANDARD BOOK NUMBER | |
| International Standard Book Number | 0688042872 |
| 040 ## - CATALOGING SOURCE | |
| Transcribing agency | AL |
| 041 ## - LANGUAGE CODE | |
| Language code of text/sound track or separate title | eng |
| 082 ## - DEWEY DECIMAL CLASSIFICATION NUMBER | |
| Edition number | 23 |
| Classification number | 567.91 |
| Item number | BAKD |
| 100 ## - MAIN ENTRY--PERSONAL NAME | |
| Personal name | Robert T Bakker |
| 9 (RLIN) | 10188 |
| 245 ## - TITLE STATEMENT | |
| Title | Dinosaur Heresies: New Theories unlocking the Mystery of the Dinosaurs and Their Extinction |
| 260 ## - PUBLICATION, DISTRIBUTION, ETC. | |
| Place of publication, distribution, etc. | New York |
| Name of publisher, distributor, etc. | William Morrrow & Co |
| Date of publication, distribution, etc. | 1986 |
| 300 ## - PHYSICAL DESCRIPTION | |
| Extent | 481 p. |
| Other physical details | HB |
| Dimensions | 24x18 cm. |
| 365 ## - TRADE PRICE | |
| Price amount | 19.95 |
| Currency code | $ |
| Unit of pricing | 19.95 |
| 520 ## - SUMMARY, ETC. | |
| Summary, etc. | The inside story of a scientific heresy that is scandalizing traditional paleontology, told by the unorthodox leader of the dinosaurian heretics and featuring over 200 original black-and-white drawings that show how dinosaurs lived. |
| Uniform Resource Identifier | <a href="https://doc.rero.ch/record/232376/files/PAL_E1363.pdf">https://doc.rero.ch/record/232376/files/PAL_E1363.pdf</a> |
| 650 ## - SUBJECT ADDED ENTRY--TOPICAL TERM | |
| Topical term or geographic name entry element | Fossil Cold Blooded Vertebrates |
| 9 (RLIN) | 10189 |
| 650 ## - SUBJECT ADDED ENTRY--TOPICAL TERM | |
| Topical term or geographic name entry element | Brontosaurus |
| 9 (RLIN) | 10190 |
| 650 ## - SUBJECT ADDED ENTRY--TOPICAL TERM | |
| Topical term or geographic name entry element | Animal History |
| 9 (RLIN) | 10191 |
| 700 ## - ADDED ENTRY--PERSONAL NAME | |
| Personal name | BAKKER (Robert T) |
| 9 (RLIN) | 10192 |
| 942 ## - ADDED ENTRY ELEMENTS (KOHA) | |
| Source of classification or shelving scheme | Dewey Decimal Classification |
| Koha item type | George Fernandes Collections |
| Withdrawn status | Lost status | Source of classification or shelving scheme | Damaged status | Not for loan | Collection code | Home library | Current library | Date acquired | Total Checkouts | Full call number | Barcode | Date last seen | Uniform Resource Identifier | Price effective from | Koha item type |
|---|---|---|---|---|---|---|---|---|---|---|---|---|---|---|---|
| Dewey Decimal Classification | Zoology | St Aloysius Library | St Aloysius Library | 11/11/2021 | 567.91 BAKD | GF03574 | 11/11/2021 | https://doc.rero.ch/record/232376/files/PAL_E1363.pdf | 11/11/2021 | George Fernandes Collections |